000
00301nam a22001217a 4500
040
_c
NUST
082
_a
297.14
_b
IMA
100
_a
Imam Mohammad Ghazali
_9
125580
245
_a
Mukashafat-ul-Quloob
260
_a
Pakistan:
_b
Nazeer Sons Pub,
_c
2000.
650
_2
Mukashafat-ul-Quloob
942
_2
ddc
_c
BK
999
_c
611324
_d
611324